Personified Adages Quiz Stats

Quiz Updated Feb 21, 2016

Challenge
Share
Tweet
Embed
Score 0/16 Timer 05:00
0 Plays Today
Adages Name % Correct
What goes up must come _____Brown
93.2%
Never judge a book by its _____Glover
87.2%
You can't teach an old dog new _____Nicks
82.6%
A rolling stone gathers no _____Ross
78.4%
To err is _____, to forgive divineTruman
78.4%
Birds of a feather _____ togetherGlock
76.8%
Where there's a _____ there's a wayHill
76.3%
An ounce of prevention is _____ a pound of CureFirth
76.3%
Adages Name % Correct
Cut off your _____ to spite your faceRose
73.8%
Spare the rod and spoil the _____Wilde
69.2%
____ is thicker than waterFudd
68.6%
Loose _____ sink shipsPips
67%
You can lead a horse to water but you can't make it _____Pink
59%
A stitch in time saves _____Fine
51%
The grass is always _____ on the other side of the fenceWeiner
32.1%
There's more than one way to _____ a catLin
26.4%

You're not logged in!

Compare scores with friends on all Sporcle quizzes.
Join for Free
OR
Log In

You Might Also Like...

Show Comments

Extras

Top Quizzes Today


Score Distribution

Your Account Isn't Verified!

In order to create a playlist on Sporcle, you need to verify the email address you used during registration. Go to your Sporcle Settings to finish the process.

Report this User

Report this user for behavior that violates our Community Guidelines.

Details: